000 00456nam a2200145Ia 4500
008 230917s9999||||xx |||||||||||||| ||und||
040 _e162439
_aMAIN
041 _aEnglish
082 _a891.43301731 SS58K
100 _aसंगर, सत्यप्रकाश
245 0 _aकितना ऊँचा कितना नीचा
260 _aभूपाल
_bविजय प्रकाशन
_c1956
300 _a118पृ. p.
942 _cHN
999 _c209728
_d209728